000 00598cam a22002171 4500
001 med47002956
003 DLC
005 20260227111607.0
008 810815s1945 xx a 000 0 fre
010 _amed47002956
035 _a(OCoLC)14746652
040 _aDLC
_cDNLM
_dDLC
042 _apremarc
050 0 0 _aRC860
_b.M4
060 0 _aWI 400
_bM561s 1945
100 1 _aMériel, Edouard,
_d1871-
245 1 4 _aLes syndromes douloureux de la fosse iliaque et du flanc droits ...
260 _aParis,
_bDoin,
_c1945.
300 _a374 p.
_bill.
490 0 _aBibliothèque des grands syndromes
999 _c38711
_d38711